| 000 | 01386 a2200253 4500 | ||
|---|---|---|---|
| 003 | Nust | ||
| 005 | 20221117151732.0 | ||
| 010 | _a 2005283382 | ||
| 020 | _a0750666242 (pbk.) | ||
| 040 | _cNust | ||
| 082 | 0 | 0 | _a621.31924,LIN |
| 100 | 1 |
_aLinsley, Trevor. _9102934 |
|
| 245 | 1 | 0 |
_aBasic electrical installation work / _cTrevor Linsley. |
| 250 | _a6th ed. | ||
| 260 |
_aAmsterdam ; _aBoston : _bNewnes, _cc2005. |
||
| 300 |
_avi, 286 p. : _bill. ; _c25 cm. |
||
| 505 | _aUnderstanding Health And Safety Legislation, Practices And Procedures (Page-1), Understanding Environmental Legislation And Environmental Technology Systems(Page-55), Organizing The Work Environment (Page-85), Electrical Supply Systems, Earthling Arrangements And Protective Devices (Page-121), Preparation And Installation Of Wiring Systems (Page-175), Termination And Connection Of Conductors And Cables (Page-247), Inspection, Testing And Commissioning Electrical Installations (Page-275), Fault Diagnosis And Repair (Page-305), Electrical Scientific C Theory (Page-345). | ||
| 650 | 0 |
_aElectric wiring, Interior _941218 |
|
| 650 | 0 | _aElectronics | |
| 650 | 0 | _aTelecommunication Engineering | |
| 856 | 4 | 1 |
_3Publisher description _uhttp://www.loc.gov/catdir/enhancements/fy0627/2005283382-d.html |
| 856 | 4 | 1 |
_3Table of contents only _uhttp://www.loc.gov/catdir/toc/fy0604/2005283382.html |
| 942 |
_2ddc _cBK |
||
| 999 |
_c189409 _d189409 |
||